000 00512nam a2200205Ia 4500
005 20250325030032.0
008 240331s9999 xx 000 0 und d
020 _a0415074673
082 _a302.234
_bSCR
_23945
100 _aScreen
245 4 _aThe Sexual Subject:
_bA Screen Reader in Sexuality
260 _aLondon;
_aNew York,
_bRoutledge
_c1992
300 _aviii, 339 p.,
650 _aSexuality
650 _aCinema
650 _aPsychoanalysis
650 _aWomen
650 _aSociety
942 _cL
999 _c1186
_d1186